Transmisní kanály měnové politiky: širší pohled

Teoretické vymedzenie kanálu inflačných očakávaní, úverového trhu a nákladového kanálu, a to v podmienkach, kedy centrálna banka cieľuje infláciu s využitím štandardných nástrojov.

Salvato in:
Dettagli Bibliografici
Autore principale: Kučera, Lukáš
Natura: Capitolo di libro
Lingua:ceco
Soggetti:
Tags: Aggiungi Tag
Nessun Tag, puoi essere il primo ad aggiungerne!!

MARC

LEADER 00000naa a2200000 4500
001 0223266
005 20231116111112.7
041 0 |a cze 
044 |a CZ 
245 1 0 |a Transmisní kanály měnové politiky: širší pohled  |c Lukáš Kučera 
520 |a Teoretické vymedzenie kanálu inflačných očakávaní, úverového trhu a nákladového kanálu, a to v podmienkach, kedy centrálna banka cieľuje infláciu s využitím štandardných nástrojov. 
610 2 0 |a politika menová 
610 2 0 |a cielenie inflácie 
610 2 0 |a trh úverový 
610 2 0 |a banky centrálne 
610 2 0 |a náklady 
100 1 |a Kučera, Lukáš